| 000 | 01543cam a22004454i 4500 | ||
|---|---|---|---|
| 003 | PE-LiUPU | ||
| 005 | 20250731172811.0 | ||
| 008 | 150617s r 000 0 d | ||
| 020 | _a8472289672 | ||
| 035 | _a(Sirsi) i9788472289673 | ||
| 040 |
_aPE-LiUPU _bspa _cPE-LiUPU _erda |
||
| 049 | _aPRUA | ||
| 082 | 0 | 4 |
_a235.4 _bP42 _221 |
| 100 | 1 |
_aPenn Lewis, Jessie, _eautor. |
|
| 245 | 1 | 0 |
_aGuerra contra los Santos / _cJessie Penn Lewis. |
| 264 | 1 |
_aBarcelona : _bCLIE, _c1985. |
|
| 300 |
_a234 páginas ; _c20 centímetros. |
||
| 336 |
_atext _2rdacontent |
||
| 337 |
_aunmediated _2rdamedia |
||
| 338 |
_avolume _2rdacarrier |
||
| 505 | 0 | _aUna encuesta Bíblica sobre el engaño satánico. -La confederación satánica de Espíritu malignos. -El engaño de los espíritus malignos en los tiempos modernos. -Los peligros de pasividad. -Falsificaciones de lo divino. -Libertad para los que han sido engañados. -La voluntad y el espíritu del hombre. -Victoria en el conflicto. | |
| 526 | _aSEG42 | ||
| 526 | _aSEG41 | ||
| 526 | _aSEG40 | ||
| 526 | _aSEG39 | ||
| 526 | _aP94 | ||
| 526 | _aP87 | ||
| 526 | _aP86 | ||
| 526 | _aP85 | ||
| 526 | _aP77 | ||
| 526 | _aP76 | ||
| 526 | _aP35 | ||
| 650 | 1 | 4 |
_aDemonología _94174 |
| 650 | 2 | 4 |
_aDemonio _xCristianismo. _94154 |
| 910 | _ajck | ||
| 942 |
_2ddc _cBK |
||
| 949 |
_a235.4 P42 _wDEWEY _c1 _i27696 _lCCODEBUL1 _mBUL _r0 _sY _tBOOK _u2015-4-21 _xTEOLOGIA _0COMPRA _o.STAFF. Colección General |
||
| 999 |
_c3889 _d3889 |
||
| 980 |
_81 _gALBERTO SANCHEZ Responsable de Automatización |
||